№ 1; Пластические массы

書誌詳細
Parent link:Пластические массы: научно-технический журнал. № 1.— , 1960-
言語:ロシア語
出版事項: 1960
フォーマット: MixedMaterials 図書
KOHA link:https://koha.lib.tpu.ru/cgi-bin/koha/opac-detail.pl?biblionumber=503987

MARC

LEADER 00000nam2a2200000 4500
001 503987
005 20231101102711.0
035 |a (RuTPU)RU\TPU\prd\174754 
035 |a RU\TPU\prd\2240 
090 |a 503987 
100 |a 20130412a20029999k y0rusy50 ca 
101 0 |a rus 
102 |a RU 
200 0 |a № 1 
210 |d 1960 
461 1 |0 (RuTPU)RU\TPU\prd\1684  |t Пластические массы  |o научно-технический журнал  |v № 1  |d 1960- 
801 0 |a RU  |b 63413507  |c 20010227  |g PSBO 
801 1 |a RU  |b 63413507  |c 20020305  |g PSBO 
801 2 |a RU  |b 63413507  |c 20131115  |g PSBO 
942 |c BK 
999 |a НТБ_ТПУ  |b НФ  |e -8/20130213  |p П-6654  |u 0,00  |v 1